000
00291nam a2200109Ia 4500
008
220204s9999 xx 000 0 und d
082
_a
621.3(03)
_b
GAR
100
_a
Garland, J D
245
0
_a
National electrical code reference book
260
_a
New Jersey
_b
Prentice Hall
_c
1977
942
_c
BK
999
_c
27012
_d
27012